000 00392cam a2200169ua 4500
020 _c3.00
041 _ahin
_h
082 _a891.54
_bVHE/AD
100 _aVheyar, K C .
245 _aAdunik samvidan /
_cK C Vheyar.
_hTextual Documents
260 _aDelhi :
_bRajkamal Prakash ,
_c1956.
300 _a176 ; .
365 _a3.00
504 _a
942 _cBK
999 _c8258
_d8258